00309nam a2200145Ia 45000030006000000080041000060400015000471000022000622450019000842500006001032600017001093000006001265460014001320050017001460STCL150530s9999 xx 000 0 und d aSTCLcSTCL aKerala University aGadhya Kairali a1 bAuthorc1969 a0 aMalayalam20220125171730.0